000 00313nam a2200133Ia 4500
005 20260328104322.0
008 260328s9999||||xx |||||||||||||| ||und||
100 _aInsausti, Pilar
245 0 _aGiorgio Grassi /
_cPilar Insausti
260 _bElecta
300 _a283 p.
650 _aARQUITECTURA
942 _cBK
999 _c11383
_d11383